000 00954nam a2200229Ia 4500
003 IT-RoPau
005 20220918175904.0
008 120407s9999 xx 000 0 und d
040 _aIT-RoPAU
_c20130213092641.0
040 _cIT-RoPAU
041 _afra
100 _aGariel, Veronique
_9420
245 _aLa parole de Dieu diffusée à l’aide des Techniques modernes par la Société Saint-Paul
250 _aI
260 _aNogent-s-Marne
_bPSSP
_c1956
300 _a48 p.
_c24 cm
300 _bill.
490 _vI
520 _aTable des Matieres Introduction : Fiat lux I. In principio erat Verbum II. Dum medium silentium III. In præsepio erat Verbum IV. Adjutorium simile sibi V. Factores Verbi...contra fabricatores errorum VI. Sicut scintillæ in arundineto VII. Ut cooperatores simus véritatis VIII. Nomen ejus : Verbum Dei Conclusio : Surge, Illuminare, Jerusalem
942 _cBK
_2ddc
999 _c35071
_d35071